00635nam a2200181Ia 4500952013600000999001700136003000400153005001700157008004100174020001800215040000900233082002100242100002300263245007300286260003700359300000900396942004800405 00102ddc40708HISTORYaMESbMEScHISd2019-02-20g525.00l0o950.21092 HAQ/Cp38091r2019-02-20 00:00:00w2019-02-20yBKzGL38R4 c23156d23156OSt20200605100839.0190216s9999||||xx |||||||||||||| ||und|| a9789380607818 coclc a950.21092bHAQ/C aHaqqi, S A H92297 0aChingiz Khan The Life And Legacy Of An Empire Builder /cS A H Haqqi bPrimus Books,c2013.aNew Delhi: a326p cBK2ddch950.21092iHAQ/Ck950.21092mHAQ/C